Le langage de la littérature : Introduction à la stylistique (notice n° 2186804)

détails MARC
000 -LEADER
fixed length control field 01156cam a2200133 4500500
005 - DATE AND TIME OF LATEST TRANSACTION
control field 20260405064257.0
041 ## - LANGUAGE CODE
Language code of text/sound track or separate title fre
042 ## - AUTHENTICATION CODE
Authentication code dc
100 10 - MAIN ENTRY--PERSONAL NAME
Personal name Buffard-Moret, Brigitte
Relator term author
245 00 - TITLE STATEMENT
Title Le langage de la littérature : Introduction à la stylistique
260 ## - PUBLICATION, DISTRIBUTION, ETC.
Name of publisher, distributor, etc. Armand Colin,<br/>
Date of publication, distribution, etc. 2020.<br/>
520 ## - SUMMARY, ETC.
Summary, etc. L’analyse stylistique fait partie intégrante de l’explication littéraire : l’interprétation d’un texte passe par une observation rigoureuse des procédés langagiers. C’est pourquoi la stylistique figure parmi les épreuves de plusieurs concours d’enseignement des lettres. Pour réussir une analyse stylistique, à quels éléments textuels doit-on être attentif ? Comment passer de l’observation formelle à l’interprétation sémantique ? C’est à ces questions, entre autres, que répond cet ouvrage en présentant un exposé des notions fondamentales pour l’analyse stylistique, illustrées par des exemples littéraires variés, toujours accompagnés d’un commentaire interprétatif.
856 41 - ELECTRONIC LOCATION AND ACCESS
Uniform Resource Identifier <a href="https://shs.cairn.info/le-langage-de-la-litterature--9782200627058?lang=fr&redirect-ssocas=7080">https://shs.cairn.info/le-langage-de-la-litterature--9782200627058?lang=fr&redirect-ssocas=7080</a>

Pas d'exemplaire disponible.

PLUDOC

PLUDOC est la plateforme unique et centralisée de gestion des bibliothèques physiques et numériques de Guinée administré par le CEDUST. Elle est la plus grande base de données de ressources documentaires pour les Étudiants, Enseignants chercheurs et Chercheurs de Guinée.

Adresse

627 919 101/664 919 101

25 boulevard du commerce
Kaloum, Conakry, Guinée

Réseaux sociaux

Powered by Netsen Group @ 2025